[Event "23. Copenhagen Open  (Politiken Cup)"]
[Site "Copenhagen"]
[Date "2001.07.22"]
[Round "8"]
[White "Radovic, Slobodan"]
[Black "Lynge, Torben"]
[Result "0-1"]
[WhiteElo "1492"]
[BlackElo "1701"]
[PlyCount "44"]
[EventDate "2001.07.16"]
[EventType "swiss"]
[EventRounds "11"]
[EventCountry "DEN"]
[SourceDate "2004.01.01"]

1. e4 Nc6 2. Nc3 e5 3. d3 Nf6 4. Be2 Bb4 5. a3 Ba5 6. f4 d5 7. b4 Bb6 8. b5 Ba5
9. Bd2 d4 10. Na4 Bxd2+ 11. Qxd2 Ne7 12. fxe5 Ng4 13. Bxg4 Bxg4 14. Qg5 Bd7 15.
Rb1 b6 16. Rb4 c5 17. Rb1 h6 18. Qc1 a6 19. c4 axb5 20. Nxb6 Qxb6 21. Rxb5 Bxb5
22. cxb5 Qxb5 0-1

[Event "23. Copenhagen Open  (Politiken Cup)"]
[Site "Copenhagen"]
[Date "2001.07.22"]
[Round "8"]
[White "Rasmussen, Bo"]
[Black "Skjoldan, Benjamin"]
[Result "1-0"]
[WhiteElo "2160"]
[BlackElo "1720"]
[PlyCount "57"]
[EventDate "2001.07.16"]
[EventType "swiss"]
[EventRounds "11"]
[EventCountry "DEN"]
[SourceDate "2004.01.01"]

1. d4 Nf6 2. c4 g6 3. Nc3 Bg7 4. e4 d6 5. Be2 O-O 6. Bg5 Nbd7 7. Qd2 e5 8. d5
Qe8 9. h4 Nc5 10. f3 a5 11. Nh3 Bxh3 12. Rxh3 Nfd7 13. g4 f5 14. gxf5 gxf5 15.
O-O-O f4 16. Rg1 Qh5 17. Nb5 Na6 18. Bf1 Rf7 19. Qxa5 b6 20. Qa3 h6 21. Nxd6
cxd6 22. Qxd6 hxg5 23. hxg5 Qxh3 24. Bxh3 Ndc5 25. g6 Rf6 26. Qe7 Nb4 27. a3
Nba6 28. Bf5 Nb3+ 29. Kd1 1-0

[Event "23. Copenhagen Open  (Politiken Cup)"]
[Site "Copenhagen"]
[Date "2001.07.22"]
[Round "8"]
[White "Rasmussen, Casper Dahl"]
[Black "Pedersen, Steffen"]
[Result "1/2-1/2"]
[WhiteElo "2281"]
[BlackElo "2453"]
[PlyCount "38"]
[EventDate "2001.07.16"]
[EventType "swiss"]
[EventRounds "11"]
[EventCountry "DEN"]
[SourceDate "2004.01.01"]

1. c4 Nf6 2. g3 c5 3. Bg2 e6 4. Nf3 Nc6 5. O-O d5 6. cxd5 Nxd5 7. b3 Be7 8. Bb2
O-O 9. d4 cxd4 10. Nxd4 Nxd4 11. Bxd4 Qa5 12. Qd2 Bb4 13. Qb2 f6 14. a3 Be7 15.
b4 Qb5 16. Rd1 Qe8 17. Bxd5 exd5 18. Nc3 Be6 19. Qb3 Qf7 1/2-1/2

[Event "23. Copenhagen Open  (Politiken Cup)"]
[Site "Copenhagen"]
[Date "2001.07.22"]
[Round "8"]
[White "Rasmussen, Henning Lau"]
[Black "Nielsen, Michael"]
[Result "1/2-1/2"]
[WhiteElo "2015"]
[BlackElo "1789"]
[PlyCount "120"]
[EventDate "2001.07.16"]
[EventType "swiss"]
[EventRounds "11"]
[EventCountry "DEN"]
[SourceDate "2004.01.01"]

1. d4 Nf6 2. Nf3 g6 3. Nbd2 Bg7 4. e4 d6 5. b3 c5 6. e5 dxe5 7. dxe5 Nd5 8. Bb2
Nc6 9. Bb5 Bd7 10. Nc4 Nf4 11. Ng5 O-O 12. Qf3 Ne6 13. Nxe6 fxe6 14. Qh3 Qc8
15. Rd1 Rf5 16. O-O Nxe5 17. Bxd7 Nxd7 18. Bxg7 Kxg7 19. Ne3 Rf6 20. Ng4 Rf5
21. Ne3 Rf6 22. Ng4 Rf5 23. Rfe1 Nf6 24. Qh6+ Kg8 25. Ne3 Rh5 26. Qf4 e5 27.
Qc4+ Kh8 28. h3 Qf8 29. Nf1 b6 30. Ng3 Rg5 31. Qh4 h6 32. Re2 Qg7 33. Qc4 Rf8
34. Qa6 e6 35. h4 Rg4 36. Rxe5 Nd5 37. Qe2 Rgf4 38. Rxe6 Nc3 39. Qe1 Nxd1 40.
Qxd1 Rxf2 41. Rd6 Qb7 42. Rd5 Qe7 43. h5 Qe3 44. Kh2 Qf4 45. Qd3 Rf1 46. Qxf1
Qh4+ 47. Kg1 Rxf1+ 48. Nxf1 g5 49. Rd8+ Kg7 50. Rd7+ Kf6 51. Rd6+ Kg7 52. Rd7+
Kf8 53. Rxa7 g4 54. Ra4 Qxh5 55. Rf4+ Ke7 56. c4 Qg5 57. Rf2 h5 58. g3 Qe5 59.
Rd2 Qe1 60. Rh2 Qe5 1/2-1/2

[Event "23. Copenhagen Open  (Politiken Cup)"]
[Site "Copenhagen"]
[Date "2001.07.22"]
[Round "8"]
[White "Rosenberg, Jan"]
[Black "Robertsen, Thomas"]
[Result "0-1"]
[WhiteElo "1785"]
[BlackElo "2034"]
[PlyCount "56"]
[EventDate "2001.07.16"]
[EventType "swiss"]
[EventRounds "11"]
[EventCountry "DEN"]
[SourceDate "2004.01.01"]

1. e4 e5 2. d4 exd4 3. c3 d5 4. Qxd4 dxe4 5. Qxe4+ Be7 6. Bg5 Be6 7. h4 c6 8.
Nf3 Nd7 9. Nbd2 h6 10. Be3 Ngf6 11. Qc2 c5 12. Rd1 Nd5 13. Nc4 Qc7 14. a4 O-O-O
15. a5 g5 16. g3 f5 17. b4 f4 18. gxf4 gxf4 19. Bxc5 Bxc5 20. bxc5 Qxc5 21. Be2
Rhg8 22. Nd4 Rde8 23. Kf1 Kb8 24. Qb3 f3 25. Nxf3 Nf4 26. Rb1 Qc6 27. Nce5 Nxe5
28. Nxe5 Qxh1# 0-1

[Event "23. Copenhagen Open  (Politiken Cup)"]
[Site "Copenhagen"]
[Date "2001.07.22"]
[Round "8"]
[White "Rossen, Claus"]
[Black "Hoeg, Claus"]
[Result "1-0"]
[WhiteElo "2210"]
[BlackElo "1785"]
[PlyCount "65"]
[EventDate "2001.07.16"]
[EventType "swiss"]
[EventRounds "11"]
[EventCountry "DEN"]
[SourceDate "2004.01.01"]

1. d4 g6 2. e4 Bg7 3. c4 d6 4. Nc3 Nc6 5. d5 Nd4 6. Be3 c5 7. Nge2 Qb6 8. Nxd4
cxd4 9. Na4 Qa5+ 10. Bd2 Qd8 11. c5 Nf6 12. Bb5+ Kf8 13. Bd3 b5 14. cxb6 axb6
15. b3 Ng4 16. O-O h5 17. Nb2 e6 18. Bb4 Be5 19. f4 Qh4 20. h3 Qg3 21. hxg4
hxg4 22. Bd2 Qh2+ 23. Kf2 exd5 24. Rh1 g3+ 25. Kf3 Bg4+ 26. Kxg4 Qxg2 27. Rxh8+
Kg7 28. Qh1 f5+ 29. exf5 gxf5+ 30. Bxf5 Qxd2 31. Qh6+ Kf7 32. Qg6+ Ke7 33. Qe6#
1-0

[Event "23. Copenhagen Open  (Politiken Cup)"]
[Site "Copenhagen"]
[Date "2001.07.22"]
[Round "8"]
[White "Royset, Paal"]
[Black "Berg, Klaus"]
[Result "0-1"]
[WhiteElo "2257"]
[BlackElo "2438"]
[PlyCount "74"]
[EventDate "2001.07.16"]
[EventType "swiss"]
[EventRounds "11"]
[EventCountry "DEN"]
[SourceDate "2004.01.01"]

1. e4 d5 2. exd5 Qxd5 3. Nc3 Qa5 4. g3 c6 5. Bg2 Nf6 6. Nf3 Bf5 7. O-O e6 8.
Re1 Be7 9. Ne5 h6 10. d4 O-O 11. Bf4 Rd8 12. Nc4 Qa6 13. Bf1 b5 14. Ne3 Bg6 15.
a4 Qb6 16. axb5 Rxd4 17. Qf3 Qb7 18. Nc4 Bxc2 19. Na5 Qc8 20. Bxb8 Rxb8 21.
Nxc6 Bc5 22. Rac1 Rd2 23. Re2 Rxe2 24. Bxe2 Bf5 25. Na4 Bf8 26. Qf4 Ra8 27. Bf3
Qe8 28. Ne5 Rc8 29. Bc6 Qd8 30. g4 g5 31. Qf3 Be4 32. Qe2 Qd4 33. Rc4 Qxe5 34.
Bxe4 Qxb5 35. Rc2 Qxe2 36. Rxe2 Rc4 37. Nc3 Bb4 0-1

[Event "23. Copenhagen Open  (Politiken Cup)"]
[Site "Copenhagen"]
[Date "2001.07.22"]
[Round "8"]
[White "Simonsen, Hans Kristian"]
[Black "Nilsson, Nils Specht"]
[Result "0-1"]
[WhiteElo "1930"]
[BlackElo "2218"]
[PlyCount "52"]
[EventDate "2001.07.16"]
[EventType "swiss"]
[EventRounds "11"]
[EventCountry "DEN"]
[SourceDate "2004.01.01"]

1. e4 c5 2. c3 g6 3. d4 cxd4 4. Qxd4 Nf6 5. e5 Nc6 6. Qf4 Nd5 7. Qe4 Nb6 8. Bd3
Bg7 9. Nf3 d5 10. Qe2 Bg4 11. Bf4 Bxf3 12. gxf3 Qc7 13. Nd2 Bxe5 14. Bg5 O-O-O
15. O-O-O f6 16. Bh6 Nb4 17. Kb1 Nxd3 18. Qxd3 Bxh2 19. Qe2 Be5 20. Bg7 Rhg8
21. Bh6 g5 22. Nb3 Kb8 23. Nd4 Qd7 24. f4 gxf4 25. Nf3 Bc7 26. c4 Nxc4 0-1

[Event "23. Copenhagen Open  (Politiken Cup)"]
[Site "Copenhagen"]
[Date "2001.07.22"]
[Round "8"]
[White "Skovgaard, Peter Nicolai"]
[Black "Nielsen, Marianne Izaura"]
[Result "1-0"]
[WhiteElo "1688"]
[BlackElo "1371"]
[PlyCount "94"]
[EventDate "2001.07.16"]
[EventType "swiss"]
[EventRounds "11"]
[EventCountry "DEN"]
[SourceDate "2004.01.01"]

1. e4 e5 2. Nf3 Nc6 3. Bc4 Bc5 4. c3 Nf6 5. d4 exd4 6. e5 Qe7 7. O-O Ng4 8.
cxd4 Nxd4 9. Nxd4 Nxh2 10. Nf5 Qf8 11. Kxh2 d5 12. Bd3 Be6 13. Be3 O-O-O 14.
Bxc5 Qxc5 15. Nd2 d4 16. Rc1 Qa5 17. Nf3 g6 18. Nd6+ Kb8 19. Nc4 Qc5 20. Na3
Qa5 21. Qd2 Qb6 22. b3 h6 23. Qc2 Rc8 24. Qc5 g5 25. Qxb6 axb6 26. Nxd4 h5 27.
Nxe6 fxe6 28. g3 g4 29. Rc4 Rcg8 30. Kg2 Rh6 31. Rh1 Rg5 32. Rf4 Rh8 33. Re1
Rg7 34. Rf6 Re7 35. Bc4 Reh7 36. Rh1 c6 37. Rxe6 b5 38. Bd3 Rg7 39. Rf6 Kc7 40.
e6 Kd6 41. Re1 Re7 42. Rf7 Rxe6 43. Rxe6+ Kxe6 44. Rxb7 Ke5 45. Rd7 h4 46. gxh4
Rxh4 47. Rh7 Rxh7 1-0

[Event "23. Copenhagen Open  (Politiken Cup)"]
[Site "Copenhagen"]
[Date "2001.07.22"]
[Round "8"]
[White "Skovgaard, Tom"]
[Black "Rasmussen, Henning"]
[Result "1/2-1/2"]
[WhiteElo "2065"]
[BlackElo "1925"]
[PlyCount "139"]
[EventDate "2001.07.16"]
[EventType "swiss"]
[EventRounds "11"]
[EventCountry "DEN"]
[SourceDate "2004.01.01"]

1. e4 e6 2. d4 d5 3. Nd2 Nf6 4. e5 Nfd7 5. Bd3 c5 6. c3 Nc6 7. Ne2 cxd4 8. cxd4
f6 9. exf6 Nxf6 10. Nf3 Bd6 11. O-O O-O 12. Bg5 Qc7 13. Bh4 g6 14. Rc1 Ng4 15.
Bg3 Bxg3 16. hxg3 Qg7 17. Qd2 Bd7 18. Bb1 Qh6 19. Qxh6 Nxh6 20. Rfe1 Rfe8 21.
Nc3 Nd8 22. Re3 Nhf7 23. Rce1 Nd6 24. Ne5 Bc6 25. Bd3 Kg7 26. g4 N6f7 27. f4
Nxe5 28. Rxe5 Rf8 29. g3 a6 30. g5 Bd7 31. R5e3 Nf7 32. Rc1 Rac8 33. Ree1 Nd6
34. b3 b5 35. a3 Rc7 36. Ne2 Rxc1 37. Rxc1 Rc8 38. Kf2 Rxc1 39. Nxc1 Kf7 40.
Ke3 a5 41. Kd2 Ke7 42. Kc3 Be8 43. Kd2 Bf7 44. b4 a4 45. Ne2 Be8 46. Ng1 Kf8
47. Ke3 Kg7 48. Nf3 Bd7 49. Ne5 Be8 50. Ng4 Bd7 51. Ne5 Be8 52. Kf3 Kf8 53. Ng4
Kg7 54. Ne3 Bc6 55. g4 Nf7 56. Kg3 Nd6 57. f5 exf5 58. gxf5 Nc4 59. Bxc4 dxc4
60. d5 Bd7 61. f6+ Kf7 62. Nd1 h6 63. Kf4 h5 64. Kg3 Ke8 65. Nc3 Kd8 66. Kh4
Ke8 67. Kg3 Kf8 68. Ne2 Bf5 69. Nc3 Bd7 70. Ne2 1/2-1/2

[Event "23. Copenhagen Open  (Politiken Cup)"]
[Site "Copenhagen"]
[Date "2001.07.22"]
[Round "8"]
[White "Spanton, Timothy"]
[Black "Kaaber Hansen, Jacob"]
[Result "1-0"]
[WhiteElo "2051"]
[BlackElo "1846"]
[PlyCount "99"]
[EventDate "2001.07.16"]
[EventType "swiss"]
[EventRounds "11"]
[EventCountry "DEN"]
[SourceDate "2004.01.01"]

1. e4 c5 2. Nc3 Nc6 3. g3 g6 4. Bg2 Bg7 5. d3 Rb8 6. Be3 d6 7. Qd2 e6 8. f4
Nge7 9. Nf3 O-O 10. O-O Nd4 11. Nd1 b5 12. c3 Nxf3+ 13. Bxf3 Qc7 14. d4 Rd8 15.
Nf2 b4 16. Rfd1 bxc3 17. bxc3 Bb7 18. Kg2 f5 19. Rab1 fxe4 20. Nxe4 Nf5 21. Bf2
cxd4 22. cxd4 Bd5 23. g4 Ne7 24. Rdc1 Qd7 25. Bh4 Rxb1 26. Rxb1 Rf8 27. Bf2 Nc6
28. h4 a5 29. Ng5 h6 30. Ne4 Rc8 31. a3 a4 32. Nc3 Bxf3+ 33. Kxf3 Na5 34. Rb4
Qc6+ 35. Ne4 Nb3 36. Qd3 Kh7 37. Be3 d5 38. Ng3 Rf8 39. h5 Kg8 40. Ke2 g5 41.
fxg5 hxg5 42. Bxg5 Rf6 43. Bd2 Rf8 44. h6 Nxd2 45. hxg7 Rf3 46. Qxd2 Rxg3 47.
Rb8+ Kxg7 48. Qg5+ Kh7 49. Qg8+ Kh6 50. Qh8+ 1-0

[Event "23. Copenhagen Open  (Politiken Cup)"]
[Site "Copenhagen"]
[Date "2001.07.22"]
[Round "8"]
[White "Stovring, Claus"]
[Black "Preuss, Flemming"]
[Result "0-1"]
[WhiteElo "1966"]
[BlackElo "2062"]
[PlyCount "84"]
[EventDate "2001.07.16"]
[EventType "swiss"]
[EventRounds "11"]
[EventCountry "DEN"]
[SourceDate "2004.01.01"]

1. e4 e5 2. Nf3 d6 3. d4 Nf6 4. Nc3 Nbd7 5. Bc4 Be7 6. Bb3 O-O 7. h3 c6 8. Be3
b5 9. Nd2 exd4 10. Bxd4 Nc5 11. O-O a5 12. a4 Nxb3 13. cxb3 b4 14. Ne2 d5 15.
e5 Nd7 16. Nf3 c5 17. Be3 Bb7 18. Ng3 d4 19. Bf4 g6 20. Re1 Ra6 21. Bh6 Re8 22.
Ne4 Nf8 23. Qd2 Qd5 24. Nf6+ Bxf6 25. exf6 Ne6 26. Qd3 Raa8 27. Re5 Qd8 28.
Rae1 Qxf6 29. Bg5 Qg7 30. Nh2 Bc6 31. Ng4 Nxg5 32. Rxe8+ Rxe8 33. Rxe8+ Bxe8
34. Qa6 f5 35. Nf6+ Kf7 36. Nd5 Qe5 37. Qb7+ Kf8 38. f4 Qe1+ 39. Kh2 Nf7 40.
Qc7 Qe6 41. Qxc5+ Qd6 42. Qc4 Bc6 0-1

[Event "23. Copenhagen Open  (Politiken Cup)"]
[Site "Copenhagen"]
[Date "2001.07.22"]
[Round "8"]
[White "Tandrup, Michael"]
[Black "Schmied, Andreas"]
[Result "1/2-1/2"]
[WhiteElo "1795"]
[BlackElo "2138"]
[PlyCount "53"]
[EventDate "2001.07.16"]
[EventType "swiss"]
[EventRounds "11"]
[EventCountry "DEN"]
[SourceDate "2004.01.01"]

1. e4 c5 2. Nf3 Nc6 3. Bb5 e6 4. O-O Nge7 5. d4 cxd4 6. Nxd4 Ng6 7. Be3 Be7 8.
Nc3 O-O 9. a3 a6 10. Nxc6 bxc6 11. Bd3 d5 12. exd5 cxd5 13. Ne2 Bb7 14. Nd4 Bd6
15. Qh5 Re8 16. f4 f5 17. Rae1 Nf8 18. Rf3 g6 19. Rg3 Qf6 20. Qh6 Nd7 21. Rh3
Qg7 22. Qh4 Nf6 23. Nf3 Rac8 24. Bd4 Bc5 25. Bxc5 Rxc5 26. Qf2 Rc7 27. Ne5
1/2-1/2

[Event "23. Copenhagen Open  (Politiken Cup)"]
[Site "Copenhagen"]
[Date "2001.07.22"]
[Round "8"]
[White "Thomsen, Heinrich Kirch"]
[Black "Auchenberg, Einar"]
[Result "0-1"]
[WhiteElo "1361"]
[BlackElo "1614"]
[PlyCount "146"]
[EventDate "2001.07.16"]
[EventType "swiss"]
[EventRounds "11"]
[EventCountry "DEN"]
[SourceDate "2004.01.01"]

1. e4 Nc6 2. Nf3 e6 3. d4 Nf6 4. Nc3 Bb4 5. Bd3 d5 6. e5 Ne4 7. Bd2 Nxd2 8.
Qxd2 h6 9. O-O f5 10. a3 Be7 11. b4 g5 12. b5 Na5 13. Nxd5 Qxd5 14. Qxa5 g4 15.
Nd2 b6 16. Qc3 Bb7 17. f3 O-O-O 18. Bc4 Qxd4+ 19. Qxd4 Rxd4 20. Bxe6+ Kb8 21.
Nb3 Rf4 22. g3 Rxf3 23. Rxf3 Bxf3 24. Bxf5 Bg5 25. Re1 h5 26. Nd4 Be7 27. Nxf3
gxf3 28. Be4 Bc5+ 29. Kf1 f2 30. Re2 Rd8 31. Bd3 h4 32. g4 Rf8 33. e6 Kc8 34.
Be4 Kd8 35. a4 Ke7 36. Bc6 Rf4 37. Rd2 Kxe6 38. Re2+ Kf6 39. g5+ Kxg5 40. Re5+
Kf6 41. Re4 Rxe4 42. Bxe4 Ke5 43. Bg2 Kf4 44. Ke2 Kg4 45. Bf1 Kf4 46. Bg2 Be3
47. Bf1 Ke4 48. Bg2+ Kf4 49. Bf1 Bd4 50. Bg2 Kg4 51. Bf1 h3 52. Kd3 Be5 53. Ke2
Bxh2 54. Bxh3+ Kxh3 55. Kxf2 Be5 56. Ke3 Kg3 57. Ke4 Bd6 58. Kd5 Kf4 59. Kc6
Ke5 60. Kb7 Kd5 61. Kxa7 Bb4 62. Kb7 Kd6 63. Ka7 Ba3 64. Kb7 Bb2 65. Ka6 Kc5
66. Kb7 Be5 67. c3 Kc4 68. Ka6 Bxc3 69. Kb7 Be5 70. Kc6 Kb4 71. Kd5 Bd6 72. Kd4
Kxa4 73. Kc4 Ka5 0-1

[Event "23. Copenhagen Open  (Politiken Cup)"]
[Site "Copenhagen"]
[Date "2001.07.22"]
[Round "8"]
[White "Tozer, Richard"]
[Black "Akesson, Joel"]
[Result "0-1"]
[WhiteElo "2315"]
[BlackElo "2203"]
[PlyCount "48"]
[EventDate "2001.07.16"]
[EventType "swiss"]
[EventRounds "11"]
[EventCountry "DEN"]
[SourceDate "2004.01.01"]

1. d4 d5 2. c4 c6 3. Nf3 Nf6 4. Nc3 dxc4 5. a4 Bf5 6. Ne5 Nbd7 7. Nxc4 Nd5 8.
f3 e5 9. e4 Nxc3 10. bxc3 Be6 11. Rb1 exd4 12. cxd4 Nb6 13. Ne3 a5 14. d5 Bb4+
15. Bd2 cxd5 16. Bxb4 axb4 17. Rxb4 O-O 18. Qd4 Nc4 19. Nxd5 Bxd5 20. Bxc4 Bxc4
21. Rxc4 b5 22. axb5 Qa5+ 23. Qc3 Qxc3+ 24. Rxc3 Ra1+ 0-1

[Event "23. Copenhagen Open  (Politiken Cup)"]
[Site "Copenhagen"]
[Date "2001.07.22"]
[Round "8"]
[White "Trarup, Jorgen"]
[Black "Pedersen, Kaj Vinding"]
[Result "1-0"]
[WhiteElo "1298"]
[BlackElo "1549"]
[PlyCount "143"]
[EventDate "2001.07.16"]
[EventType "swiss"]
[EventRounds "11"]
[EventCountry "DEN"]
[SourceDate "2004.01.01"]

1. e4 Nf6 2. Nc3 d5 3. exd5 Nxd5 4. Qf3 Nb4 5. Bd3 Nxd3+ 6. Qxd3 Qxd3 7. cxd3
Nc6 8. Nf3 Bg4 9. Ng5 Nd4 10. O-O e6 11. f3 Bh5 12. Nge4 f5 13. Ng3 Bf7 14. Rb1
Bc5 15. Kh1 O-O 16. b3 Rad8 17. Na4 Be7 18. Re1 Nc6 19. Nb2 g6 20. f4 Nb4 21.
Re3 Nxa2 22. Ra1 Nxc1 23. Rxc1 Ba3 24. Rc2 Bxb2 25. Rxb2 Rd7 26. Ne2 Rfd8 27.
d4 c6 28. h4 h5 29. b4 a6 30. Rc2 Rd5 31. Kg1 Kg7 32. Ra3 Rb5 33. Rb2 Rbd5 34.
Kf2 Ra8 35. Ke3 Be8 36. Nc3 Rdd8 37. Na4 Rd6 38. Nc5 Ra7 39. g3 Bd7 40. Kd3 Bc8
41. Ke3 b6 42. Nd3 Rad7 43. Ne5 Rd8 44. Rd3 Bb7 45. Nc4 Rd5 46. Nxb6 Rb5 47.
Na4 Rbd5 48. Nc5 Bc8 49. Ra2 Kf6 50. Nxa6 Rb5 51. Rb3 Bxa6 52. Rxa6 Rdb8 53.
Rxc6 Rxb4 54. Rxb4 Rxb4 55. d5 Re4+ 56. Kd3 Kf7 57. Rxe6 Ra4 58. Re3 Kf6 59.
Ke2 Kf7 60. d6 Rd4 61. Rd3 Re4+ 62. Kf2 Ke8 63. Re3 Rxe3 64. Kxe3 Kd7 65. Kd4
Kxd6 66. d3 Ke6 67. Kc5 Ke7 68. Kc6 Ke6 69. d4 Ke7 70. d5 Kd8 71. Kd6 Ke8 72.
Kc7 1-0

[Event "23. Copenhagen Open  (Politiken Cup)"]
[Site "Copenhagen"]
[Date "2001.07.22"]
[Round "8"]
[White "Westlund, Mikael"]
[Black "Jensen, Henrik Sandberg"]
[Result "1/2-1/2"]
[WhiteElo "1996"]
[BlackElo "1706"]
[PlyCount "81"]
[EventDate "2001.07.16"]
[EventType "swiss"]
[EventRounds "11"]
[EventCountry "DEN"]
[SourceDate "2004.01.01"]

1. d4 d6 2. Nf3 g6 3. Bf4 Bg7 4. e3 Nf6 5. Bd3 c6 6. Nbd2 Nh5 7. Bg5 Bg4 8. h3
Bxf3 9. Nxf3 Qa5+ 10. c3 Bf6 11. b4 Qa3 12. Qc2 b5 13. e4 Bxg5 14. Nxg5 h6 15.
Nf3 a5 16. bxa5 Nf4 17. O-O O-O 18. Rfb1 Nxd3 19. Qxd3 Rxa5 20. e5 Kg7 21. Qe3
Nd7 22. Rb3 Qxb3 23. axb3 Rxa1+ 24. Kh2 Nb6 25. exd6 exd6 26. Qe7 Rc1 27. Qc7
Nd5 28. Qxc6 Nxc3 29. Qxd6 Re8 30. Qd7 Re2 31. d5 Rxf2 32. Nd4 Ne2 33. Ne6+ Kh7
34. Qa7 Rff1 35. g4 Rh1+ 36. Kg2 Rcf1 37. d6 Rhg1+ 38. Kh2 Rh1+ 39. Kg2 Rhg1+
40. Kh2 Rh1+ 41. Kg2 1/2-1/2

[Event "23. Copenhagen Open  (Politiken Cup)"]
[Site "Copenhagen"]
[Date "2001.07.22"]
[Round "8"]
[White "Wilsbeck, Jan Borge"]
[Black "Lardot, Derik"]
[Result "0-1"]
[WhiteElo "1761"]
[BlackElo "2023"]
[PlyCount "54"]
[EventDate "2001.07.16"]
[EventType "swiss"]
[EventRounds "11"]
[EventCountry "DEN"]
[SourceDate "2004.01.01"]

1. e4 e5 2. f4 Nc6 3. Nf3 f5 4. exf5 e4 5. Qe2 Qe7 6. Ng5 Nf6 7. c3 h6 8. Nh3
d5 9. g4 h5 10. g5 Ng4 11. Ng1 d4 12. h3 d3 13. Qg2 Bxf5 14. hxg4 Bxg4 15. b3
Bf3 16. Qh2 Bxh1 17. Qxh1 O-O-O 18. Na3 Qf7 19. Qh3+ Kb8 20. Qe3 Bd6 21. Nh3
Rhf8 22. Nc4 Bxf4 23. Nxf4 Qxf4 24. Qxf4 Rxf4 25. Ba3 Rg4 26. O-O-O Rxg5 27.
Bc5 Rxc5 0-1

[Event "23. Copenhagen Open  (Politiken Cup)"]
[Site "Copenhagen"]
[Date "2001.07.25"]
[Round "9"]
[White "Andersen, Rune"]
[Black "Adamski, Jan"]
[Result "0-1"]
[WhiteElo "2064"]
[BlackElo "2361"]
[PlyCount "132"]
[EventDate "2001.07.16"]
[EventType "swiss"]
[EventRounds "11"]
[EventCountry "DEN"]
[SourceDate "2004.01.01"]

1. d4 Nf6 2. c4 e6 3. Nc3 Bb4 4. Qc2 c5 5. dxc5 Qc7 6. a3 Bxc5 7. Nf3 a6 8. Bg5
Be7 9. e3 d6 10. Bd3 Nbd7 11. b4 b6 12. O-O Bb7 13. e4 Rc8 14. Rac1 O-O 15.
Rfe1 Rfe8 16. Qe2 Qb8 17. h3 d5 18. cxd5 exd5 19. e5 Rxc3 20. Rxc3 Ne4 21. Bxe4
dxe4 22. e6 fxe6 23. Bxe7 Rxe7 24. Nd2 Nf6 25. Qc4 Qf4 26. Qe2 Qf5 27. Rc4 Rd7
28. Nxe4 Nxe4 29. Rxe4 Bxe4 30. Qxe4 Qxe4 31. Rxe4 Rd1+ 32. Kh2 Kf7 33. Re3 Rd4
34. Rc3 a5 35. bxa5 bxa5 36. g4 h5 37. Kg3 hxg4 38. hxg4 Kf6 39. f4 Ra4 40. g5+
Kf5 41. Rc5+ Kg6 42. Rc3 Re4 43. Kf3 Kf5 44. Rc5+ e5 45. Rxa5 Rxf4+ 46. Ke3 Rg4
47. g6 Rxg6 48. Ra8 Rg3+ 49. Kf2 Rb3 50. a4 Ra3 51. a5 Kf4 52. a6 Ra2+ 53. Ke1
Ke3 54. Kd1 e4 55. Rg8 Ra1+ 56. Kc2 Rxa6 57. Rxg7 Rd6 58. Re7 Kf3 59. Rf7+ Ke2
60. Rh7 Rc6+ 61. Kb1 e3 62. Rd7 Ke1 63. Rd8 e2 64. Re8 Rc4 65. Kb2 Kf2 66. Rf8+
Ke3 0-1

[Event "23. Copenhagen Open  (Politiken Cup)"]
[Site "Copenhagen"]
[Date "2001.07.25"]
[Round "9"]
[White "Auchenberg, Per"]
[Black "Lilja, Richard"]
[Result "0-1"]
[WhiteElo "1842"]
[BlackElo "2112"]
[PlyCount "48"]
[EventDate "2001.07.16"]
[EventType "swiss"]
[EventRounds "11"]
[EventCountry "DEN"]
[SourceDate "2004.01.01"]

1. f4 e5 2. fxe5 d6 3. exd6 Bxd6 4. Nf3 Nf6 5. Nc3 Ng4 6. g3 Nxh2 7. Rxh2 Bxg3+
8. Rf2 Bxf2+ 9. Kxf2 g5 10. d4 g4 11. Bg5 f6 12. Bh4 gxf3 13. Ne4 fxe2 14. Bxe2
O-O 15. Bc4+ Kh8 16. c3 Bf5 17. Ng3 Bg6 18. Qf3 Qd6 19. Rh1 Nd7 20. Nf5 Qb6 21.
Bb3 Qb5 22. Ne7 Kg7 23. Qh3 Rad8 24. Nxg6 hxg6 0-1

[Event "23. Copenhagen Open  (Politiken Cup)"]
[Site "Copenhagen"]
[Date "2001.07.25"]
[Round "9"]
[White "Bekker Jensen, David"]
[Black "Rasmussen, Bo"]
[Result "1-0"]
[WhiteElo "2284"]
[BlackElo "2160"]
[PlyCount "45"]
[EventDate "2001.07.16"]
[EventType "swiss"]
[EventRounds "11"]
[EventCountry "DEN"]
[SourceDate "2004.01.01"]

1. d4 d5 2. c4 e6 3. Nc3 Nf6 4. cxd5 exd5 5. Bg5 c6 6. Qc2 Be7 7. e3 Nbd7 8.
Bd3 O-O 9. Nf3 Re8 10. O-O Nf8 11. h3 Ng6 12. Ne5 Nd7 13. Bxe7 Qxe7 14. f4
Ndxe5 15. dxe5 Nf8 16. Rae1 f6 17. exf6 gxf6 18. Kh2 Be6 19. e4 dxe4 20. Nxe4
Kh8 21. Qc3 Nd7 22. Ng5 Nf8 23. Bf5 1-0

[Event "23. Copenhagen Open  (Politiken Cup)"]
[Site "Copenhagen"]
[Date "2001.07.25"]
[Round "9"]
[White "Bekker Jensen, Simon"]
[Black "Christensen, Stefan"]
[Result "1-0"]
[WhiteElo "2356"]
[BlackElo "2164"]
[PlyCount "93"]
[EventDate "2001.07.16"]
[EventType "swiss"]
[EventRounds "11"]
[EventCountry "DEN"]
[SourceDate "2004.01.01"]

1. d4 Nf6 2. c4 e6 3. Nc3 Bb4 4. e3 b6 5. Nge2 Ne4 6. f3 Nxc3 7. bxc3 Be7 8. e4
Nc6 9. Ng3 h5 10. Bd3 h4 11. Nf1 e5 12. d5 Na5 13. Qe2 Ba6 14. Nd2 c5 15. f4 d6
16. Nb3 Bf6 17. O-O Qd7 18. Nxa5 bxa5 19. Rb1 g6 20. Qd1 Kf8 21. f5 g5 22. Rf2
Ke7 23. Rfb2 Rhc8 24. Bc2 Qc7 25. Ba4 Rab8 26. Bb5 Bb7 27. Qg4 Rg8 28. Ba4 Ba6
29. Rxb8 Rxb8 30. Bb5 Bxb5 31. cxb5 Rg8 32. c4 Kd7 33. Bd2 a4 34. Qd1 g4 35.
Qxa4 Ke7 36. Qa6 Rb8 37. Rb3 Kd7 38. Ra3 Rb7 39. Qc6+ Ke7 40. Qxc7+ Rxc7 41. h3
g3 42. Kf1 Kd7 43. Ra6 Rb7 44. Ke2 Kc7 45. Kf3 Be7 46. Kg4 Kb8 47. Bg5 1-0

[Event "23. Copenhagen Open  (Politiken Cup)"]
[Site "Copenhagen"]
[Date "2001.07.25"]
[Round "9"]
[White "Berg, Klaus"]
[Black "Hector, Jonny"]
[Result "0-1"]
[WhiteElo "2438"]
[BlackElo "2552"]
[PlyCount "84"]
[EventDate "2001.07.16"]
[EventType "swiss"]
[EventRounds "11"]
[EventCountry "DEN"]
[SourceDate "2004.01.01"]

1. e4 e5 2. Nf3 Nc6 3. Bc4 Nf6 4. d4 exd4 5. e5 Ng4 6. Qe2 Qe7 7. Bf4 f6 8.
exf6 gxf6 9. Nbd2 d6 10. Qxe7+ Kxe7 11. O-O Nge5 12. Rfe1 Kd8 13. Be2 Bf5 14.
Rac1 Ng6 15. Bg3 Bh6 16. Red1 Re8 17. Bb5 Bg4 18. h3 Bxf3 19. gxf3 a6 20. Bf1
f5 21. c3 Bxd2 22. Rxd2 f4 23. cxd4 fxg3 24. fxg3 Nb4 25. Bc4 d5 26. Bb3 a5 27.
a3 a4 28. Bd1 Nc6 29. Rc5 Nce7 30. Rb5 Ra7 31. Kf2 c6 32. Rc5 Nf5 33. g4 Ne3
34. Be2 Nf4 35. Rc3 Nxh3+ 36. Kg3 Ng5 37. Kh4 h6 38. Kh5 Ng2 39. Kxh6 Nf7+ 40.
Kg7 Nf4 41. Bd3 {#} Ne5 42. dxe5 Re6 0-1